Statistiche per Ricostruisci la Carriera del Calciatore - Nicolás Tagliafico

Clicka qui per fare il quiz!

Statistiche generali

  • Questo quiz è stato fatto 4 volte
  • Il punteggio medio è 3 su 6

Statistiche sulle risposte

HintRisposta% Corretto
2018-2022 Ajax
100%
2010-2012 Banfield
67%
2022- Olympique Lione
67%
2012-2013Real Murcia
67%
2015-2018 Independiente
33%
2013-2015 Banfield
0%

Distribuzione punteggi

Percentile per numero di risposta

Percentuale di utenti per punteggio

I tuoi punteggi nel tempo

Non hai fatto questo quiz